Effects of fouling and corrosion on heat transfer : presented at the Winter Annual Meeting of the American Society of Mechanical Engineers, Miami Beach, Florida, November 17-22, 1985 /
Guardado en:
| Autores Corporativos: | , |
|---|---|
| Otros Autores: | |
| Formato: | Libro |
| Idioma: | English |
| Publicado: |
New York, N.Y. (345 E. 47th St., New York 10017) :
The American Society of Mechanical Engineers (ASME),
c1985.
|
| Series: | HTD (Series) ;
v. 50. |
| Materias: | |
| Etiquetas: |
Agregar Etiqueta
Sin Etiquetas, Sea el primero en etiquetar este registro!
|
| LEADER | 01446cam a22003135a 4500 | ||
|---|---|---|---|
| 001 | EIQ.libpla000440 | ||
| 008 | 851010s1985####nyua#####b####100#0#eng#d | ||
| 005 | 20080528174614.0 | ||
| 245 | 1 | 0 | |a Effects of fouling and corrosion on heat transfer : |b presented at the Winter Annual Meeting of the American Society of Mechanical Engineers, Miami Beach, Florida, November 17-22, 1985 / |c sponsored by the Heat Transfer Division, ASME ; edited by Y. Mussalli. |
| 260 | |a New York, N.Y. (345 E. 47th St., New York 10017) : |b The American Society of Mechanical Engineers (ASME), |c c1985. | ||
| 300 | |a iii, 40 p. : |b il. ; |c 28 cm. | ||
| 490 | 1 | |a HTD ; |v vol. 50 | |
| 504 | |a Incluye referencias bibliográficas. | ||
| 700 | 1 | |a Mussalli, Y. G. |q (Yusuf G.), |d 1939-, |e ed. |4 edt | |
| 710 | 2 | |a American Society of Mechanical Engineers. |b Heat Transfer Division. | |
| 830 | 0 | |a HTD (Series) ; |v v. 50. | |
| 082 | 0 | 0 | |a 621.402/5 |2 19 |
| 650 | 4 | |a Intercambiadores de calor |x Congresos. | |
| 650 | 4 | |a Calor |x Congresos. | |
| 650 | 4 | |a Calor |x Transferencia. | |
| 650 | 4 | |a Intercambiadores de calor |x Corrosión. | |
| 650 | 4 | |a Heat exchangers |x Congresses. | |
| 650 | 4 | |a Heat exchangers |x Corrosion. | |
| 650 | 4 | |a Heat |x Congresses. | |
| 650 | 4 | |a Heat |x Transfer. | |
| 010 | |a 85073225 | ||
| 040 | |a DLC |c DLC |d AR-BbSID | ||
| 110 | 2 | |a American Society of Mechanical Engineers. |b Winter Meeting |d (1985 : |c Miami Beach, Fla.) | |
| 859 | |a AR-BbSID |b BIB. PLAPIQUI |h 536.2 |i As 53 |p 3286 | ||
